000 02321cam a22006254i 4500
003 PE-LiUPU
005 20250731184537.0
008 140920s2014 kyuab rb 001 0 eng d
020 _z0664237037
_q(alk. paper)
020 _z9780664237035
_q(alk. paper)
035 _a(Sirsi) 890952805
035 _a(OCoLC)890952805
040 _aYDXCP
_beng
_erda
_cYDXCP
_dELW
_dOCLCQ
_dOCL
_dPE-LiUPU
049 _aPRUA
050 4 _aDS121.65
_b.A33 2014
082 0 4 _a933.4903
_bA23
_223
100 1 _aAdams, Samuel L.,
_d1970-
_eautor.
245 1 0 _aSocial and economic life in Second Temple Judea /
_cSamuel L. Adams.
250 _aFirst edition.
264 1 _aLouisville, Kentucky :
_bWestminster John Knox Press,
_c2014.
300 _axiii, 252 páginas :
_bilustraciones ;
_c23 centímetros
336 _atext
_2rdacontent
337 _aunmediated
_2rdamedia
338 _avolume
_2rdacarrier
504 _aBibliografía : páginas 209-221.
504 _aÍndice : páginas 233-252.
505 0 _aFamily life and marriage -- The status of women and children -- Work and financial exchanges -- Taxation and the role of the state -- The ethics of wealth and poverty.
526 _aP136
526 _aP135
526 _aP134
526 _aP133
526 _aP144
526 _aP143
526 _aP87
526 _aP35
526 _aP20
526 _aP14
526 _aP10
526 _aP06
650 0 _aJudíos
_xCondiciones económicas.
650 0 _aJudíos
_xHistoria
_y586 B.C.-70 A.D.
650 0 _aJudíos
_xCondiciones sociales.
650 0 _aJudíos
_ xVida social y costumbres.
650 0 _aJews
_xEconomic conditions.
650 0 _aJews
_xHistory
_y586 B.C.-70 A.D.
650 0 _aJews
_xSocial conditions.
650 0 _aJews
_xSocial life and customs.
910 _adbm
_bncf
_cncf
_d20171228
942 _2ddc
_cBOOK
949 _a933.4903 A23
_wDEWEY
_c1
_i77795
_lCATALOGING
_mBUL
_p17.50
_r0
_sY
_tBOOK
_u2017-12-28
_xPOSGRADO
_PP85
_0COMPRA
_o.STAFF. Colección Teología.
994 _aC0
_bPEPRU
596 _a1
999 _a933.4903 A23
_wDEWEY
_c26530
_i77795
_f2021-11-11
_g4
_lCCODEBUL1
_mBUL
_p17.50
_r0
_sY
_tBOOK
_u2017-12-28
_xTEOLOGIA
_PP85
_0COMPRA
_o.STAFF. Colección Teología.
_d26530
980 _81
_gALBERTO SANCHEZ Responsable de Automatización